000
00257nam a2200121Ia 4500
100
_a
BLOOMFIELS/HAROLD
942
_c
BK
245
_a
TM* DISCOVRING INNER ENERGY & OVER COMING STRESS
260
_b
#N/A
300
_a
290
546
_a
ENGLISH
999
_c
34118
_d
34118